000 00327nab a22001097u 4500
008 130520b1982 xxu||||| |||| 00| 0 spa d
041 _aspa
100 1 _aSchaffer, H.
_967231
245 0 0 _aLa celebración eucarística en televisión
_cH. Schaffer
773 0 _tConcilium
_gV.1,1982,págs.222-235
_x0210-1041
_wRev134
942 _cAR
999 _c354831
_d354831